| 000 | 02466cam a22005294i 4500 | ||
|---|---|---|---|
| 003 | PE-LiUPU | ||
| 005 | 20250731173109.0 | ||
| 008 | 111218s2018 miua rb 001 0 eng d | ||
| 020 | _a0801099439 | ||
| 020 | _a9780801099434 | ||
| 035 | _a(Sirsi) a251012 | ||
| 040 |
_aPE-LiUPU _bspa _cPE-LiUPU _erda |
||
| 049 | _aPRUA | ||
| 082 | 0 | 4 |
_a261.55 _bV16 _223 |
| 100 | 1 |
_aVainio, Olli-Pekka, _eautor. |
|
| 245 | 1 | 0 |
_aCosmology in theological perspective : _bunderstanding our place in the universe / _cOlli-Pekka Vainio. |
| 264 | 1 |
_aMichigan : _bBaker Academic, _c2018. |
|
| 300 |
_a212 páginas : _bilustraciones ; _c23 centímetros |
||
| 336 |
_atext _2rdacontent |
||
| 337 |
_aunmediated _2rdamedia |
||
| 338 |
_avolume _2rdacarrier |
||
| 504 | _aBibliografía: páginas 187-206. | ||
| 504 | _aÍndice: páginas 207-212. | ||
| 505 | 0 | _aEvery saga has a beginning: philosophical cosmologies in the ancient world -- The voyage home: cosmos in early Christian thought -- Resistance is futile: Galileo, Newton, and Darwin -- All these worlds: on the multiverse -- If it's just us, it seems like an awful waste of space: on human uniqueness -- Infinite space, infinite terror: our cosmic (in)significance -- In space no one can hear you scream? God and being -- There is no gene for the human spirit: images of God -- Come with me if you want to live: incarnations -- To boldly go: beings in search of greater understanding. | |
| 526 | _aSEG42 | ||
| 526 | _aSEG41 | ||
| 526 | _aSEG40 | ||
| 526 | _aSEG39 | ||
| 526 | _aP94 | ||
| 526 | _aP87 | ||
| 526 | _aP86 | ||
| 526 | _aP85 | ||
| 526 | _aP77 | ||
| 526 | _aP76 | ||
| 526 | _aP35 | ||
| 650 | 0 | 7 |
_aCosmología bíblica _2fast _0(OCoLC)fst00831325. |
| 650 | 0 | 7 |
_aCosmología _2fast _0(OCoLC)fst00880600. |
| 910 |
_adbm _bksl _cksl _d20181211 |
||
| 910 |
_adbm _bksl _cksl _d20190318 |
||
| 942 |
_2ddc _cBOOK |
||
| 994 |
_aC0 _bPEPRU |
||
| 596 | _a1 | ||
| 999 |
_a261.55 V16 _wDEWEY _c30467 _i79578 _f2021-11-10 _g4 _lCCODEBUL1 _mBUL _p15.00 _r0 _sY _tBOOK _u2018-12-11 _xTEOLOGIA _PP85 _0DONACION _1FCOMPR2 _o.STAFF. Colección Teología _d30467 |
||
| 999 |
_a261.55 V16 _wDEWEY _c2 _i80040 _f2021-11-10 _g3 _lCCODEBUL1 _mBUL _p15.00 _r0 _sY _tBOOK _u2019-3-18 _xTEOLOGIA _PP35 _0DONACION _o.STAFF. Colección Teología |
||
| 980 |
_81 _gALBERTO SANCHEZ Responsable de Automatización |
||